| 000 | 00455nam a22001457a 4500 | ||
|---|---|---|---|
| 003 | NUST | ||
| 038 | _aNusrat Nadeem | ||
| 082 | _a200 | ||
| 100 |
_aKhalid, Fahad _9130857 |
||
| 245 |
_aDesign and Development of wideband Intelligent Antenna System/ _c Fahad Khalid, |
||
| 264 |
_aIslamabad: _bSEECS NUST. _c2025. |
||
| 650 |
_aSupervisor: Dr. Nosherwan Shoaib _9130858 |
||
| 856 | _uhttp://10.250.8.41:8080/xmlui/handle/123456789/55498 | ||
| 942 |
_2ddc _cSC |
||
| 999 |
_c615018 _d615018 |
||